00983nam a2200289Ia 450000500170000000800410001702000180005810000240007624500810010025000180018130000500019953400240024965000360027365000360030965000410034565000490038670000310043570000340046694200150050026400290051533600270054433700330057133800280060404000350063208400110066799900150067820220317001458.0161108s9999 xx 000 0 und d a97884847033891 aVan Zeveren, Michel10aEsto es mío!cMichel Van Zeveren ; traducción al español de Rafael Ros a1a. edición a[28] páginasbilustraciones en colorc25 cm tC´est á moi, ca!142LEMBaCuentos infantiles belgas142LEMBaLiteratura infantil belga142LEMBaLibros ilustrados para niños142LEMBaAnimales de la selva en la literatura 1 aVan Zeveren, Michel9738291 aRos, Rafaeletraductor913216 2loccBKLIT aBarcelonabCorimboc2009 atextobtxt2rdacontent asin mediaciónbn2rdamedia avolumenbnc2rdacarrier aCO-BoRNBPbspaerdacCO-BoRNBP aA VAN4 c7097d7097